| 000 | 00973nam 22001933 4500 | ||
|---|---|---|---|
| 001 | 198965 | ||
| 090 | _a198965 | ||
| 100 | _a20251112 pory50 | ||
| 200 |
_aLuís de Camões : exposição bibliográfica comemorativa do IV centenário da sua morte _fBiblioteca Pública Municipal do Porto ; pref. Ma Fernanda de Brito _gpref. Maria Fernanda de Brito |
||
| 210 |
_aPorto _cBiblioteca Pública Municipal do Porto _d1980-1982 |
||
| 215 |
_a3 vols. _cBrochado _d24 cm |
||
| 327 | _a1o v.: Bibliografia activa. - 1980. - 183, [1] p.: [7] f. il. ; . - 2o v.: Tomo I - Bibliografia passiva. - 1980. - 299, [1] p.: [6] f. il. - Tomo II - Bibliografia passiva. - 1980. - 311, [1] p.: [3] f. il. ; . - 3o v.: Apêndice. - 1982. - 598, [1] p.: [6] f. il. | ||
| 606 |
_94525 _aBibliografias |
||
| 610 | _aLuís de Camões | ||
| 675 |
_a01 _vPT _zpor |
||
| 710 |
_914876 _aBiblioteca Pública Municipal do Porto |
||
| 801 |
_aPT _bBMMN _gRPC |
||
| 830 |
_cFernando _fFernando |
||
| 990 | _cLIVROS | ||